| 000 | 00837 a2200277 4500 | ||
|---|---|---|---|
| 001 | 74897 | ||
| 111 | 2 |
_954961 _aHz.Nuh'tan Günümüze Cizre Sempozyumu _d(1999 : _cCizre, Turkey) |
|
| 999 |
_c74897 _d29285 |
||
| 003 | TR-AnTOB | ||
| 005 | 20230712135434.0 | ||
| 008 | 101010s1999 tu 100 0 | ||
| 020 | _a9755850899 | ||
| 040 | _aTR-AnTOB | ||
| 041 | 0 | _atur | |
| 050 | 0 | 0 |
_aDS51.C59 _bH39 1999 |
| 090 | _aDS51.C59 H39 1999 | ||
| 245 | 1 | 0 |
_aHz.Nuh'tan günümüze Cizre Sempozyumu / _cyay.haz.M.Sait Özervarlı. |
| 264 | 1 |
_aCizre: _bCizre Kaymakamlığı, _c1999. |
|
| 300 |
_a175 s. _bres. ; _c26 cm. |
||
| 651 | 0 |
_aCizre (Turkey) _xHistory _vCongresses _954963 |
|
| 651 | 0 |
_aCizre (Türkiye) _xTarih _vKongreler _954962 |
|
| 700 | 1 |
_aÖzervarlı, M. Sait _954960 |
|
| 902 | _a0029518 (000917) | ||
| 903 | _aMerkez Kütüphane | ||
| 945 | _aZŞ, BS | ||
| 942 | _cBK | ||